01248nab a2200241 a 4500003000900000005001700009007000300026008004100029040003000070041000800100245004100108264008400149300002000233336002700253337003400280338002800314362004900342520041600391650009300807773007400900942001500974999001700989DO-SdBNP20250502085655.0ta250502e2018 dr q||||r||||||0| | spa d aDO-SdBNPbspacBNPHUerda hspa aLa historia de nuestras bibliotecas. aBarahona Provincia, República Dominicana : b[editor no identificado],c2018. apaginas: 22-29. atextobtxt2rdacontent asin mediación bn2rdamedia avolumenbnc2rdacarrier aAño 1, Núm 3, septiembre-diciembre 2018. aHay en Barahona una red de bibliotecas públicas, privadas e individuales, que atienden una amplia gama del conocimiento. Un gran empuje se ha recibido con la biblioteca del Centro Universitario de la Región Suroeste (Curso) y más reciente con la de UCATEBA. Ambas han sido dotadas de una actualizada bibliografía, mobiliario cómodo y moderno, así como apropiados equipos tecnológicos de consulta.  0aBiblioteca97843vPublicaciones periódicasxHistoriazBarahona, República Dominicana0 0588849323568aGómez, Wilsono2025-3885tAquí Barahona : w524579 2ddccISSUE c58910d58910